<?xml version="1.0" encoding="UTF-8"?>
<record
    xmlns:xsi="http://www.w3.org/2001/XMLSchema-instance"
    xsi:schemaLocation="http://www.loc.gov/MARC21/slim http://www.loc.gov/standards/marcxml/schema/MARC21slim.xsd"
    xmlns="http://www.loc.gov/MARC21/slim">

  <leader>00881nam a2200277 a 4500</leader>
  <controlfield tag="001">24639</controlfield>
  <controlfield tag="003">BD-RjUL</controlfield>
  <controlfield tag="005">20250527104758.0</controlfield>
  <controlfield tag="008">140315s1969    enka          001 e eng d</controlfield>
  <datafield tag="035" ind1=" " ind2=" ">
    <subfield code="a">(BD-RjUL)24708</subfield>
  </datafield>
  <datafield tag="040" ind1=" " ind2=" ">
    <subfield code="a">UkOxU</subfield>
    <subfield code="b">eng</subfield>
    <subfield code="c">UkOxU</subfield>
    <subfield code="d">BD-RjUL</subfield>
  </datafield>
  <datafield tag="041" ind1=" " ind2=" ">
    <subfield code="a">eng</subfield>
  </datafield>
  <datafield tag="082" ind1=" " ind2=" ">
    <subfield code="2">18</subfield>
    <subfield code="a">824.7</subfield>
    <subfield code="b">COF 1969</subfield>
  </datafield>
  <datafield tag="100" ind1="1" ind2=" ">
    <subfield code="a">Coleridge, Samuel Taylor,</subfield>
    <subfield code="d">1772-1834.</subfield>
    <subfield code="9">75822</subfield>
  </datafield>
  <datafield tag="245" ind1="1" ind2="4">
    <subfield code="a">The collected works of Samuel Taylor Coleridge /</subfield>
    <subfield code="c">edited by Barbara E. Rooke.</subfield>
  </datafield>
  <datafield tag="260" ind1=" " ind2=" ">
    <subfield code="a">London :</subfield>
    <subfield code="b">Routledge &amp; Kegan Paul,</subfield>
    <subfield code="c">c1969.</subfield>
  </datafield>
  <datafield tag="300" ind1=" " ind2=" ">
    <subfield code="a">v.:</subfield>
    <subfield code="b">ill. ;</subfield>
    <subfield code="c">23 cm.</subfield>
  </datafield>
  <datafield tag="490" ind1="1" ind2=" ">
    <subfield code="a">Bollingen series ;</subfield>
    <subfield code="v">75</subfield>
  </datafield>
  <datafield tag="490" ind1="1" ind2=" ">
    <subfield code="a">Collected works of Samuel Taylor Coleridge ;</subfield>
    <subfield code="v">4</subfield>
  </datafield>
  <datafield tag="504" ind1=" " ind2=" ">
    <subfield code="a">Includes index.</subfield>
  </datafield>
  <datafield tag="505" ind1="0" ind2="1">
    <subfield code="a">vol.The friend 1-- v. The friend 2--</subfield>
  </datafield>
  <datafield tag="600" ind1="1" ind2="0">
    <subfield code="a">Coleridge, Samuel Taylor,</subfield>
    <subfield code="d">1772-1834.</subfield>
  </datafield>
  <datafield tag="830" ind1=" " ind2="0">
    <subfield code="v">75</subfield>
  </datafield>
  <datafield tag="830" ind1=" " ind2="0">
    <subfield code="a">Bollingen series ;</subfield>
    <subfield code="9">15661</subfield>
  </datafield>
  <datafield tag="942" ind1=" " ind2=" ">
    <subfield code="2">ddc</subfield>
    <subfield code="c">BK</subfield>
  </datafield>
  <datafield tag="999" ind1=" " ind2=" ">
    <subfield code="c">24639</subfield>
    <subfield code="d">24639</subfield>
  </datafield>
  <datafield tag="952" ind1=" " ind2=" ">
    <subfield code="0">0</subfield>
    <subfield code="1">0</subfield>
    <subfield code="2">ddc</subfield>
    <subfield code="4">0</subfield>
    <subfield code="7">1</subfield>
    <subfield code="8">FIC</subfield>
    <subfield code="a">RUCL</subfield>
    <subfield code="b">RUCL</subfield>
    <subfield code="c">Reading</subfield>
    <subfield code="d">1970-07-18</subfield>
    <subfield code="e">Swets &amp; Zeitlinger</subfield>
    <subfield code="g">150.00</subfield>
    <subfield code="o">824.7 COF V-2 1969</subfield>
    <subfield code="r">2014-03-15 00:00:00</subfield>
    <subfield code="t">C-1</subfield>
    <subfield code="y">BK</subfield>
  </datafield>
  <datafield tag="952" ind1=" " ind2=" ">
    <subfield code="0">0</subfield>
    <subfield code="1">0</subfield>
    <subfield code="2">ddc</subfield>
    <subfield code="4">0</subfield>
    <subfield code="7">1</subfield>
    <subfield code="8">FIC</subfield>
    <subfield code="a">RUCL</subfield>
    <subfield code="b">RUCL</subfield>
    <subfield code="c">Reading</subfield>
    <subfield code="d">1970-07-18</subfield>
    <subfield code="e">Swets &amp; Zeitlinger</subfield>
    <subfield code="l">0</subfield>
    <subfield code="o">824.7 COF V-1 1969</subfield>
    <subfield code="r">2025-05-27 00:00:00</subfield>
    <subfield code="t">C-1</subfield>
    <subfield code="w">2025-05-27</subfield>
    <subfield code="y">BK</subfield>
  </datafield>
</record>
